[Event "SLO-ch"]
[Site "Grize"]
[Date "1996.??.??"]
[Round "?"]
[White "Tratar, Marko"]
[Black "Vombek, Dani"]
[Result "1-0"]
[WhiteElo "2420"]
[BlackElo "2300"]

1.d4 Nf6 2.Nf3 g6 3.c4 Bg7 4.Nc3 O-O 5.e4 d6 6.Be2 e5 7.O-O exd4 8.Nxd4 Re8
9.f3 Nc6 10.Be3 Nh5 11.f4 Nf6 12.Bf3 Bg4 13.Nxc6 Bxf3 14.Qxf3 bxc6 15.Bf2 Qc8
16.Rad1 Qe6 17.Rfe1 Qxc4 18.e5 dxe5 19.fxe5 Nd5 20.Nxd5 cxd5 21.Rc1 Qxa2
22.Rxc7 Rf8 23.Bd4 a6 24.Rf1 Qa4 25.Bc5 Qa5 26.Bd6 Qb6+ 27.Kh1 Rad8 28.Rxf7 Rxf7
29.Qxf7+ Kh8 30.Bc7  1-0

[Event "Koop Tjuchem op"]
[Site "Groningen"]
[Date "1996.??.??"]
[Round "1"]
[White "Schlecht, Daniel"]
[Black "Peng Xiaomin"]
[Result "1-0"]
[WhiteElo "2225"]
[BlackElo "2490"]

1.d4 Nf6 2.c4 g6 3.Nc3 Bg7 4.e4 d6 5.Nf3 O-O 6.Be2 e5 7.O-O Na6 8.Be3 c6
9.d5 Ng4 10.Bg5 f6 11.Bd2 f5 12.Ne1 Nf6 13.exf5 gxf5 14.Bg5 Kh8 15.Kh1 cxd5
16.Nxd5 Be6 17.f4 Bxd5 18.fxe5 dxe5 19.cxd5 Qb6 20.Bxf6 Rxf6 21.Nf3 Qd6 22.Ng5 Bh6
23.Ne6 Nc5 24.Bc4 Rg8 25.Qe2 e4 26.Nd4 Qe5 27.Nf3 Qe8 28.Nd4 Qg6 29.Rad1 a6
30.Ne6 Nd7 31.a4 Ne5 32.b3 Ng4 33.Nf4 Bxf4 34.Rxf4 Qh5 35.h3 Nf2+ 36.Rxf2 Qh4
37.d6 Rd8 38.d7 f4 39.Re1 f3 40.gxf3 exf3 41.Qe7 Qxh3+ 42.Rh2  1-0

[Event "Koop Tjuchem op"]
[Site "Groningen"]
[Date "1996.??.??"]
[Round "1"]
[White "Sukharisingh, Ralf"]
[Black "Pel, Bonno"]
[Result "1/2-1/2"]
[WhiteElo "2400"]
[BlackElo "2175"]

1.d4 Nf6 2.Nf3 d6 3.c4 g6 4.Nc3 Bg7 5.e4 O-O 6.Be2 e5 7.d5 a5 8.Bg5 h6 9.Bh4 Na6
10.Nd2 Qe8 11.O-O Bd7 12.b3 Nh7 13.a3 h5 14.f3 Bh6 15.Rb1 Be3+ 16.Bf2 Bc5
17.Qc1 Qe7 18.Na2 Qg5 19.Kh1 Bxf2 20.Rxf2 f5 21.Nc3 Nf6 22.b4 axb4 23.axb4 fxe4
24.Ncxe4 Nxe4 25.Nxe4 Qxc1+ 26.Rxc1 Bf5 27.Kg1 Bxe4 28.fxe4 Nxb4 29.Rxf8+ Rxf8
30.Rb1 Na6 31.Rxb7 Rf7 32.Bf3 Nc5 33.Ra7 Kg7 34.h4 Kh6 35.Ra3 Rf8 36.Ra7 Rf7
37.Ra3 Kg7 38.Re3 Rf8 39.Ra3 Rb8 40.Ra7 Rb1+ 41.Kf2 Rb7 42.Ra8 Nd7 43.Ra3 Rb4
44.Be2 Nc5 45.Ra7 Rb7 46.Rxb7 Nxb7 47.Bd1 Na5 48.Be2 Kh6 49.Ke3 g5 50.g3 Nb3
51.Bd1 Nc5 52.Bc2 Kg6  1/2-1/2

[Event "Koop Tjuchem op"]
[Site "Groningen"]
[Date "1996.??.??"]
[Round "1"]
[White "Roeder, Mathias"]
[Black "Stull, Norbert"]
[Result "1-0"]
[WhiteElo "2435"]
[BlackElo "2200"]

1.d4 Nf6 2.c4 g6 3.Nc3 Bg7 4.e4 d6 5.Be2 O-O 6.Nf3 e5 7.dxe5 dxe5 8.Qxd8 Rxd8
9.Nd5 Nxd5 10.cxd5 c6 11.Bc4 cxd5 12.Bxd5 Nc6 13.Bg5 Re8 14.O-O-O Bg4 15.h3 Bxf3
16.gxf3 Nd4 17.Rd3 Rac8+ 18.Kb1 Rc7 19.Be3 Rec8 20.f4 Ne2 21.fxe5 Bxe5 22.a3 b6
23.Bb3 Kg7 24.Rd5 Bf4 25.Re1 Bxe3 26.Rxe2 Rc1+ 27.Ka2 Bf4 28.e5 R8c7 29.Re4 g5
30.h4 h6 31.e6 fxe6 32.Rxe6 R1c5 33.Rxc5 bxc5 34.h5 c4 35.Rg6+ Kf7 36.Ba4 c3
37.Bb3+ Ke7 38.Rxh6 cxb2 39.Re6+ Kd7 40.Kxb2 Rc1 41.Re2 Rh1 42.Be6+ Kd6 43.Bf7 Rh2
44.Kc3 Kc5 45.Kd3 Rh3+ 46.Ke4 Rxa3 47.Kf5 Rh3 48.Kg6 Kd4 49.Ra2 Rh2 50.h6 g4
51.Ra4+ Ke5 52.h7 Bd2 53.Rc4 Be1 54.Rc2 Kf4 55.Kg7 g3 56.h8=Q Rxh8 57.fxg3+  1-0

[Event "Koop Tjuchem op"]
[Site "Groningen"]
[Date "1996.??.??"]
[Round "2"]
[White "Gurevich, Dmitry"]
[Black "Klinova, Masha"]
[Result "1-0"]
[WhiteElo "2570"]
[BlackElo "2380"]

1.d4 d6 2.Nf3 Nf6 3.c4 g6 4.Nc3 Bg7 5.e4 O-O 6.Be2 e5 7.O-O Nbd7 8.Be3 c6
9.d5 Ne8 10.dxc6 bxc6 11.c5 dxc5 12.Bxc5 Nc7 13.Bxf8 Qxf8 14.Qa4 Bb7 15.Qa5 Ne6
16.Bc4 Qe7 17.Bxe6 Qxe6 18.Qc7 Nc5 19.Rfd1 Rc8 20.Rd8+ Rxd8 21.Qxd8+ Bf8
22.Rd1 Ba6 23.Qa5 Bc4 24.b3  1-0

[Event "Koop Tjuchem op"]
[Site "Groningen"]
[Date "1996.??.??"]
[Round "2"]
[White "Tella, Jussi"]
[Black "Kempinski, Robert"]
[Result "0-1"]
[WhiteElo "2330"]
[BlackElo "2510"]

1.d4 Nf6 2.c4 g6 3.Nc3 Bg7 4.e4 d6 5.Nf3 O-O 6.Be2 Na6 7.O-O e5 8.d5 Nc5
9.Nd2 a5 10.Qc2 Ne8 11.a3 a4 12.b4 axb3 13.Nxb3 Nxb3 14.Qxb3 f5 15.a4 b6
16.Bd2 Nf6 17.f3 Nh5 18.g3 Nf6 19.Bd3 h5 20.Qc2 Nh7 21.Nb5 Rf7 22.a5 bxa5
23.Rxa5 Rxa5 24.Bxa5 f4 25.c5 fxg3 26.hxg3 Bf8 27.cxd6 Bxd6 28.Nxd6 Qxd6
29.Qd2 h4 30.g4 Qf6 31.Be2 Ba6 32.Bxa6 Qxa6 33.Bc3 Qd6 34.Qb2 Qc5+ 35.Kg2 Ng5
36.Bxe5 h3+ 37.Kh1 Qc4 38.Qc1 Qd3  0-1

[Event "Koop Tjuchem op"]
[Site "Groningen"]
[Date "1996.??.??"]
[Round "3"]
[White "Zagorskis, Darius"]
[Black "Kachiani Gersinska, Ketino"]
[Result "1/2-1/2"]
[WhiteElo "2520"]
[BlackElo "2415"]

1.d4 Nf6 2.c4 g6 3.Nc3 Bg7 4.e4 d6 5.Nf3 O-O 6.Be2 e5 7.d5 Nbd7 8.Be3 Ng4
9.Bg5 f6 10.Bh4 Kh8 11.Nd2 Nh6 12.f3 Nf7 13.b4 Bh6 14.Bf2 f5 15.O-O a5 16.bxa5 Rxa5
17.Nb3 Ra8 18.c5 dxc5 19.Nxc5 Nxc5 20.Bxc5 Nd6 21.Qc2  1/2-1/2

[Event "Koop Tjuchem op"]
[Site "Groningen"]
[Date "1996.??.??"]
[Round "4"]
[White "Kistella, Roman"]
[Black "Nemet, Ivan"]
[Result "1-0"]
[WhiteElo "2270"]
[BlackElo "2415"]

1.d4 Nf6 2.c4 g6 3.Nc3 Bg7 4.e4 d6 5.Be2 O-O 6.Nf3 e5 7.dxe5 dxe5 8.Qxd8 Rxd8
9.Nd5 Nxd5 10.cxd5 c6 11.Bc4 b5 12.Bb3 Bb7 13.Bg5 Rd7 14.Rc1 h6 15.Be3 Kh7
16.h4 cxd5 17.Bxd5 Bxd5 18.Ng5+ hxg5 19.hxg5+ Kg8 20.Rc8+ Bf8 21.exd5 a5
22.Ke2 Rb7 23.f4 Ra6 24.fxe5 Nd7 25.Bd4 Rb8 26.Rh8+ Kxh8 27.e6+ Kg8 28.exd7  1-0

[Event "Koop Tjuchem"]
[Site "Groningen"]
[Date "1996.??.??"]
[Round "6"]
[White "Van Wely, Loek"]
[Black "Svidler, Peter"]
[Result "1/2-1/2"]
[WhiteElo "2605"]
[BlackElo "2650"]

1.c4 g6 2.Nc3 Bg7 3.d4 Nf6 4.e4 d6 5.Nf3 O-O 6.Be2 e5 7.O-O Nbd7 8.Qc2 Nh5
9.Rd1 Nf4 10.Bf1 c5 11.d5 Nf6 12.Bxf4 exf4 13.e5 dxe5 14.Nxe5 Qd6 15.Nf3 Bf5
16.Bd3 Bg4 17.Be4 Nd7 18.Nb5 Qb6 19.d6 a6 20.Nc7 Rad8 21.Nd5 Qxd6 22.Ne3 Qb6
23.Nxg4 h5 24.Nh6+ Bxh6 25.Qb3 Qxb3 26.axb3 Nf6 27.Rxd8 Rxd8 28.Bxb7 Rb8
29.Rxa6 Rxb7 30.Rxf6 Rxb3 31.Rc6 Rxb2 32.Kf1 Bf8 33.Ne5 Rd2 34.Rc7 Rd4 35.Nxf7 Rxc4
36.Ng5 Rd4  1/2-1/2

[Event "Koop Tjuchem op"]
[Site "Groningen"]
[Date "1996.??.??"]
[Round "6"]
[White "Hausrath, Daniel"]
[Black "Degraeve, Jean Marc"]
[Result "0-1"]
[WhiteElo "2440"]
[BlackElo "2515"]

1.d4 Nf6 2.Nf3 g6 3.c4 Bg7 4.Nc3 O-O 5.e4 d6 6.Be2 e5 7.d5 a5 8.h3 Na6 9.Bg5 c6
10.Nd2 Nc5 11.O-O h6 12.Be3 Nfd7 13.dxc6 bxc6 14.Nb3 Nb7 15.Qd2 Qh4 16.f4 a4
17.Nc1 exf4 18.Rxf4 Qe7 19.Rf1 a3 20.Nd3 axb2 21.Nxb2 Qe5 22.Rac1 Ra3 23.Nbd1 Kh7
24.Nb1 Ra8 25.Nf2 Ndc5 26.Bf3 h5 27.Nc3 Ra3 28.Ne2 Ne6 29.Rfd1 f5 30.Nd3 Rxd3
31.Qxd3 Nbc5 32.Bxc5 Nxc5 33.Qxd6 fxe4 34.Qxe5 Bxe5 35.Bxe4 Nxe4 36.Rb1 Kh6
37.Rb8 Bxb8  0-1

[Event "Koop Tjuchem op"]
[Site "Groningen"]
[Date "1996.??.??"]
[Round "8"]
[White "Gurevich, Dmitry"]
[Black "Jaracz, Pawel"]
[Result "1-0"]
[WhiteElo "2570"]
[BlackElo "2395"]

1.d4 Nf6 2.c4 g6 3.Nc3 Bg7 4.e4 d6 5.Nf3 O-O 6.Be2 e5 7.d5 h6 8.h3 c6 9.Be3 cxd5
10.cxd5 Nbd7 11.Qd2 Kh7 12.Bd1 b5 13.Bc2 a6 14.g4 Nb6 15.b3 Bd7 16.g5 Nh5
17.gxh6 Bf6 18.Ne2 a5 19.Rc1 a4 20.Bd3 axb3 21.axb3 Nc8 22.Kf1 Qe8 23.Ng3 Nxg3+
24.fxg3 Bd8 25.Kg2 f5 26.Rhf1 Ra3 27.Qb2 Ra8 28.Rf2 fxe4 29.Bxe4 Bf5 30.Qc2 Ne7
31.Ng5+ Kh8 32.Ne6 Rf7 33.Qd3 Bxe4+ 34.Qxe4 Rxf2+ 35.Bxf2 Qf7 36.g4 Ra2 37.Qf3 Qxf3+
38.Kxf3 Ba5 39.Bh4 g5 40.Bxg5 Nxd5 41.Rc8+ Kh7 42.Nf8+ Kg8 43.Ke4  1-0

[Event "Haarlem op"]
[Site "Haarlem"]
[Date "1996.??.??"]
[Round "3"]
[White "Konings, Leon"]
[Black "Nijboer, Friso"]
[Result "0-1"]
[WhiteElo "2230"]
[BlackElo "2475"]

1.d4 Nf6 2.c4 g6 3.Nc3 Bg7 4.e4 d6 5.Be2 O-O 6.Nf3 e5 7.Be3 Ng4 8.Bg5 f6
9.Bh4 Nc6 10.d5 Ne7 11.Nd2 Nh6 12.O-O g5 13.Bg3 Ng6 14.b4 Nf4 15.c5 Nxe2+
16.Qxe2 f5 17.exf5 Nxf5 18.Nde4 g4 19.Qxg4 Ne3 20.Qe2 Nxf1 21.Rxf1 b6 22.cxd6 cxd6
23.Qc4 Bf5 24.b5 Rc8 25.Qb4 Qc7 26.f3 Bh6 27.Nd1 Bxe4 28.Qxe4 Qc5+ 29.Nf2 Be3
30.Qg4+ Kh8 31.Bh4 Bxf2+ 32.Rxf2 Qc4 33.Rf1 Qf4 34.Qh3 Rc1 35.Rxc1 Qxc1+
36.Kf2 Qc5+ 37.Ke1 Qb4+ 38.Kf2 Qd2+ 39.Kf1 Qd1+ 40.Kf2 Qc2+ 41.Kf1 Qb1+ 42.Kf2 Qxa2+
43.Ke1 Qb1+ 44.Kd2 Qb2+ 45.Ke1 Qc1+ 46.Ke2 Qc2+ 47.Ke1 e4 48.Qe6 Qc3+ 49.Kf2 exf3  0-1

[Event "Haarlem op"]
[Site "Haarlem"]
[Date "1996.??.??"]
[Round "5"]
[White "De Saegher, Chris"]
[Black "Nijboer, Friso"]
[Result "0-1"]
[WhiteElo "2205"]
[BlackElo "2475"]

1.d4 Nf6 2.Nf3 g6 3.c4 Bg7 4.Nc3 O-O 5.e4 d6 6.Be2 e5 7.Be3 Ng4 8.Bg5 f6
9.Bc1 Nc6 10.O-O f5 11.Bg5 Qd7 12.d5 Nd8 13.Ne1 Nf6 14.f3 Nf7 15.Be3 f4 16.Bf2 h5
17.Nd3 g5 18.c5 Qe7 19.Rc1 a6 20.Qb3 g4 21.cxd6 cxd6 22.Kh1 Bh6 23.Na4 g3
24.Bg1 gxh2 25.Bf2 Nd7 26.Rc7 Qf6 27.Rfc1 Bg5 28.R1c3 Bh4 29.Qc2 Bxf2 30.Nxf2 Qd8
31.b4 b5 32.Nb2 Nb6 33.R3c6 Rb8 34.a4 bxa4 35.Nxa4 Nxa4 36.Qxa4 Bd7 37.Qxa6 Bxc6
38.Qxc6 Rxb4 39.Qc2 Rb1+ 40.Kxh2  0-1

[Event "Haarlem op"]
[Site "Haarlem"]
[Date "1996.??.??"]
[Round "5"]
[White "Lacrosse, Marc"]
[Black "Termeulen, Albert"]
[Result "1/2-1/2"]
[WhiteElo "2220"]
[BlackElo "2290"]

1.d4 Nf6 2.c4 g6 3.Nc3 Bg7 4.e4 O-O 5.Nf3 d6 6.Be2 Nbd7 7.O-O e5 8.Re1 c6
9.Rb1 a5 10.b3 exd4 11.Nxd4 Re8 12.Bf1 Nc5 13.f3 d5 14.cxd5 cxd5 15.Bb5 Bd7
16.e5 Nh5 17.Bxd7 Nxd7 18.f4 Bh6 19.g3 Bf8 20.Bb2 Bc5 21.Kg2 Nf8 22.Nf3 Ne6
23.Rc1 Qd7 24.Nxd5 Rad8 25.Ne3 Nexf4+ 26.gxf4 Nxf4+ 27.Kg3 Nh5+ 28.Kg2 Nf4+
29.Kg3 Nh5+ 30.Kg2  1/2-1/2

[Event "Haifa"]
[Site "Haifa"]
[Date "1996.??.??"]
[Round "1"]
[White "Greenfeld, Alon"]
[Black "Svidler, Peter"]
[Result "1/2-1/2"]
[WhiteElo "2560"]
[BlackElo "2630"]

1.d4 Nf6 2.c4 g6 3.Nc3 Bg7 4.e4 d6 5.Nf3 O-O 6.Be2 e5 7.O-O exd4 8.Nxd4 Re8
9.f3 Nc6 10.Be3 Nh5 11.f4 Nf6 12.Bf3 Bg4 13.Nxc6 Bxf3 14.Qxf3 bxc6 15.Rae1 Qc8
16.Bd4 Qe6 17.b3 c5 18.f5 gxf5 19.Bxf6 Bxf6 20.Qg3+ Kh8 21.Nd5 Rg8 22.exf5 Bd4+
23.Kh1 Qh6 24.Qf4 Qxf4 25.Rxf4 Rge8 26.Rfe4 Rxe4 27.Rxe4 c6 28.Ne7 d5 29.cxd5 cxd5
30.Nxd5 Rd8 31.Nf4  1/2-1/2

[Event "Haifa"]
[Site "Haifa"]
[Date "1996.??.??"]
[Round "4"]
[White "Huzman, Alexander"]
[Black "Svidler, Peter"]
[Result "1-0"]
[WhiteElo "2570"]
[BlackElo "2630"]

1.Nf3 Nf6 2.c4 g6 3.Nc3 Bg7 4.e4 d6 5.d4 O-O 6.Be2 e5 7.O-O exd4 8.Nxd4 Re8
9.f3 Nc6 10.Be3 Nh5 11.Qd2 f5 12.Nxc6 bxc6 13.exf5 Bxf5 14.Bd4 Nf6 15.Rfe1 c5
16.Bf2 Qb8 17.Rad1 Qb4 18.g4 Be6 19.Nb5 Qxd2 20.Rxd2 Rec8 21.Bd3 Bf7 22.Re7 Ne8
23.Be4 Bf8 24.Rxe8 Rxe8 25.Bxa8 Rxa8 26.Nxc7 Rb8 27.b3 a5 28.Bg3 a4 29.Nb5  1-0

[Event "Haifa"]
[Site "Haifa"]
[Date "1996.??.??"]
[Round "6"]
[White "Greenfeld, Alon"]
[Black "Glek, Igor V"]
[Result "0-1"]
[WhiteElo "2560"]
[BlackElo "2635"]

1.d4 Nf6 2.Nf3 g6 3.c4 Bg7 4.Nc3 O-O 5.e4 d6 6.Be2 e5 7.O-O exd4 8.Nxd4 Re8
9.f3 Nc6 10.Be3 Nh5 11.f4 Nf6 12.Bf3 Bg4 13.Nxc6 Bxf3 14.Qxf3 bxc6 15.Rae1 Qc8
16.Bd4 Qg4 17.Qf2 Qe6 18.f5 gxf5 19.exf5 Qxc4 20.b3 Qb4 21.a3 Qxa3 22.Ra1 Qb4
23.Ra4 Qb8 24.Qg3 Kh8 25.Ne4 Qd8 26.Ba1 Nh5 27.Bxg7+ Nxg7 28.Ng5 Qf6 29.Rh4 h5
30.Ne4 Qd4+ 31.Kh1 Rxe4 32.f6 Rg4 33.fxg7+ Kxg7 34.Rxg4+ hxg4 35.h3 Re8 36.Kh2 Re3  0-1

[Event "GER-ch U20"]
[Site "Halle"]
[Date "1996.??.??"]
[Round "6"]
[White "Naumann, Alexander"]
[Black "Enzmann, Steffen"]
[Result "1-0"]
[WhiteElo "2365"]
[BlackElo "2150"]

1.d4 Nf6 2.c4 g6 3.Nc3 Bg7 4.e4 d6 5.Nf3 O-O 6.Be2 e5 7.d5 a5 8.h3 Na6 9.Bg5 h6
10.Be3 Nh5 11.Nd2 Nf4 12.Bf1 f5 13.Ndb1 g5 14.g3 Ng6 15.exf5 Bxf5 16.Nd2 b6
17.Nde4 Nc5 18.Bg2 Qe8 19.Qe2 Rb8 20.O-O-O Ne7 21.h4 Qg6 22.Nxc5 bxc5 23.g4  1-0

[Event "Hallsberg op"]
[Site "Hallsberg"]
[Date "1996.??.??"]
[Round "2"]
[White "Hellsten, Johan"]
[Black "Nordahl, Helge"]
[Result "1-0"]
[WhiteElo "2475"]
[BlackElo "2270"]

1.d4 Nf6 2.c4 g6 3.Nc3 Bg7 4.e4 d6 5.Nf3 O-O 6.Be2 e5 7.d5 a5 8.Bg5 h6 9.Bh4 Na6
10.O-O Qe8 11.Nd2 Nh7 12.a3 Bd7 13.Kh1 a4 14.Nb5 Bxb5 15.cxb5 Nc5 16.f3 f5
17.exf5 gxf5 18.b6 c6 19.Nc4 Nb3 20.Nxd6 Qh5 21.Be7 Nxa1 22.f4 Qg6 23.Bh5 Qxd6
24.Bxd6 Rfd8 25.dxc6 Nb3 26.c7  1-0

[Event "Hallsberg op"]
[Site "Hallsberg"]
[Date "1996.??.??"]
[Round "4"]
[White "Bialy, Rafal"]
[Black "Doettling, Fabian"]
[Result "1/2-1/2"]
[WhiteElo "2155"]
[BlackElo "2230"]

1.d4 Nf6 2.Nf3 g6 3.c4 Bg7 4.Nc3 d6 5.e4 O-O 6.Be2 e5 7.O-O exd4 8.Nxd4 Re8
9.f3 Nc6 10.Be3 Nh5 11.Qd2 Nxd4 12.Bxd4 Nf4 13.Bxg7 Qg5 14.Kf2 Kxg7 15.Qd4+ Kg8
16.g3 Nxe2 17.Nxe2 Qe5 18.Rad1 Be6 19.b3 a6 20.Nc3 Qxd4+ 21.Rxd4 Kg7 22.Nd5 Rac8
23.Rc1 b6 24.Rc2 f6 25.Rd1 Red8 26.b4 Rd7 27.Nf4 Kf7 28.Nd5 Rb8 29.Rdc1 h6
30.Ke2 Rb7 31.Ne3 Re7 32.Kd3 Kg7 33.Rc3 Rd7 34.a3 Ra7 35.Nd5 a5 36.b5 Ra8
37.Nf4 Bf7 38.Nd5 Re8 39.Kd4 Be6 40.Re3 Rf7 41.Rce1 Ref8 42.f4 Rd8  1/2-1/2

[Event "Hamburg HSK-B"]
[Site "Hamburg"]
[Date "1996.??.??"]
[Round "7"]
[White "Gustafsson, Jan"]
[Black "Berg, Claus"]
[Result "1/2-1/2"]
[WhiteElo "2340"]
[BlackElo "2395"]

1.d4 Nf6 2.c4 g6 3.Nc3 Bg7 4.e4 d6 5.Nf3 O-O 6.Be2 e5 7.O-O Na6 8.Be3 c6
9.dxe5 dxe5 10.Qxd8 Rxd8 11.Rfd1 Re8 12.h3 Bf8 13.Nd2 Nc5 14.b4 Ne6 15.c5 Nd4
16.Bd3 b6 17.Bxd4 exd4 18.Na4  1/2-1/2

[Event "Union de Reyes"]
[Site "Havana"]
[Date "1996.??.??"]
[Round "4"]
[White "Suri, Alberto"]
[Black "De la Paz, Frank"]
[Result "0-1"]
[WhiteElo "2290"]
[BlackElo "2325"]

1.d4 Nf6 2.c4 g6 3.Nc3 Bg7 4.e4 O-O 5.Nf3 d6 6.Be2 e5 7.d5 Na6 8.Bg5 h6 9.Bh4 g5
10.Bg3 Nxe4 11.Nxe4 f5 12.Nfd2 fxe4 13.Nxe4 Bf5 14.Nd2 e4 15.Nf1 Bxb2 16.Ne3 Bc3+
17.Kf1 Bd7 18.Rc1 Qf6 19.Qc2 Be5 20.Ng4 Bxg4 21.Bxg4 Bxg3 22.hxg3 Nb4 23.Qe2 Nd3
24.Rc2 Nxf2  0-1

[Event "Helsinki PasVS op"]
[Site "Helsinki"]
[Date "1996.??.??"]
[Round "?"]
[White "Paasikangas, Johanna"]
[Black "Hamalainen, Sami"]
[Result "1-0"]
[WhiteElo "2200"]
[BlackElo "2130"]

1.d4 Nf6 2.c4 g6 3.Nc3 Bg7 4.e4 d6 5.Nf3 O-O 6.Be2 e5 7.O-O Qe8 8.dxe5 dxe5
9.Bg5 h6 10.Be3 Na6 11.h3 Bd7 12.a3 Qe7 13.Qc1 Kh7 14.c5 c6 15.b4 Nc7 16.Qc2 Nh5
17.Bc4 Rad8 18.Rad1 Be6 19.Ne2 Rxd1 20.Rxd1 Rd8 21.Rxd8 Qxd8 22.g4 Nf4 23.Nxf4 exf4
24.Bxf4 Qf6 25.Bxc7 Qxf3 26.Bxe6 fxe6 27.Bg3 Qxa3 28.Qd2 Qa1+ 29.Kh2 Qd4
30.Qe1 Qc3 31.Qb1 Qb2 32.Qxb2 Bxb2 33.Bb8 a6 34.Bc7 Bc3 35.Ba5 g5 36.Kg3 Kg6
37.Kf3 Kf6 38.Ke3 Ke5 39.f3 Be1 40.Ke2 Bc3 41.Kd3 Be1 42.Bc7+ Kf6 43.Kc4 e5
44.Kb3 Bd2 45.Ka4 Be1 46.Ka5 Bd2 47.Bd6 Bc3 48.Kb6 Bxb4 49.Kxb7 a5 50.Kxc6 a4
51.Kd5 a3 52.Bxe5+ Ke7 53.Kc4  1-0

[Event "Helsinki HSK op"]
[Site "Helsinki"]
[Date "1996.??.??"]
[Round "2"]
[White "Veingold, Aleksandr"]
[Black "Kulaots, Kaido"]
[Result "1-0"]
[WhiteElo "2425"]
[BlackElo "2400"]

1.d4 Nf6 2.Nf3 g6 3.c4 Bg7 4.Nc3 O-O 5.e4 d6 6.Be2 e5 7.O-O Na6 8.Be3 Qe8
9.dxe5 dxe5 10.Nd2 b6 11.Qb1 Nc5 12.Bxc5 bxc5 13.Nb3 c6 14.Nxc5 Rb8 15.Rd1 Qe7
16.N3a4 Bg4 17.Bxg4 Nxg4 18.Qc2 Rbd8 19.Rxd8 Rxd8 20.h3 Nf6 21.Rd1 Rd4 22.Rxd4 exd4
23.Qe2 Qe5 24.b4 Bf8 25.g3 h5 26.h4 Ng4 27.Nd3 Qe6 28.Nab2 Bd6 29.Kf1 Nf6
30.e5 Qh3+ 31.Ke1 Qh1+ 32.Kd2 Ne4+ 33.Kc2 Bxb4 34.Nxb4 Nc3 35.Qd3 a5 36.Nd1 axb4
37.Qxd4 Ne2 38.Qe3 Qf1 39.e6 fxe6 40.Qxe6+ Kg7 41.Qe7+ Kg8 42.Qd8+ Kh7 43.Qd7+ Kg8
44.Qd3  1-0

[Event "ROM-chT"]
[Site "Herculane"]
[Date "1996.??.??"]
[Round "?"]
[White "Grigore, George"]
[Black "Nevednichy, Boris M"]
[Result "1/2-1/2"]
[WhiteElo "2460"]
[BlackElo "2355"]

1.d4 Nf6 2.c4 g6 3.Nc3 Bg7 4.e4 d6 5.Be2 O-O 6.Nf3 e5 7.O-O c6 8.d5 Na6 9.Nd2 Bh6
10.Nb3 Bxc1 11.Rxc1 c5 12.Rb1 Ne8 13.Nc1 f5 14.exf5 Bxf5 15.Bd3 Qh4 16.a3 Bxd3
17.Qxd3 Nf6 18.N1e2 Rf7 19.Ng3 Nc7 20.Nge4 Nce8 21.b4 b6 22.bxc5 bxc5 23.Rb2 Rd8
24.Qg3 Qxg3 25.hxg3 h6 26.Rfb1 Rdd7 27.Rb8 Kg7 28.Nd2 g5 29.Nb3 Rb7 30.Na5 Rxb1+
31.Rxb1 Nd7 32.Rb7 Nb6 33.Rb8 Nf6 34.f3 e4 35.Nxe4 Nxe4 36.fxe4 Re7 37.Rd8 Rxe4
38.Rxd6 Nxc4 39.Nxc4 Rxc4 40.Rd7+ Kf6 41.Rxa7 Ke5 42.Rd7 Ra4 43.d6 Rxa3 44.Rd8 Ke6
45.d7 Rc3 46.Kf2 Ke7 47.Rh8 Kxd7 48.Rxh6 Rd3 49.Rg6 Rd5 50.Ke3 c4 51.Ke4 Rc5
52.Rh6 c3 53.Rh1 c2 54.Rc1 Ke6 55.Kd4 Rc8 56.g4 Kd6 57.Kd3 Ke5 58.Rxc2 Rxc2
59.Kxc2 Kf4 60.Kd1 Kg3 61.Ke2 Kxg2 62.Ke1 Kg3 63.Kf1 Kf3 64.Kg1 Kf4 65.Kf2 Kxg4
66.Kg2  1/2-1/2

[Event "ROM-ch"]
[Site "Herculane"]
[Date "1996.??.??"]
[Round "9"]
[White "Ardeleanu, Alin"]
[Black "Milu, Romeo Sorin"]
[Result "1/2-1/2"]
[WhiteElo "2420"]
[BlackElo "2440"]

1.d4 Nf6 2.c4 g6 3.Nc3 Bg7 4.e4 d6 5.Nf3 O-O 6.Be2 e5 7.dxe5 dxe5 8.Qxd8 Rxd8
9.Bg5 Re8 10.O-O-O h6 11.Bh4 Na6 12.Nd2 c6 13.Nb3 Be6 14.f3 Nd7 15.Bf2 b6
16.a3 Bf8  1/2-1/2

[Event "Hlohovec op"]
[Site "Hlohovec"]
[Date "1996.??.??"]
[Round "8"]
[White "Koutsin, Sergey"]
[Black "Karlik, Vladimir"]
[Result "1/2-1/2"]
[WhiteElo "2435"]
[BlackElo "2275"]

1.d4 g6 2.c4 Bg7 3.Nc3 d6 4.e4 Nf6 5.Nf3 O-O 6.Be2 e5 7.O-O Na6 8.Be3 Ng4
9.Bg5 Qe8 10.h3 h6 11.Bc1 exd4 12.Nxd4 Nf6 13.Bf3 Nh7 14.Bf4 Ng5 15.Re1 Nc5
16.Qd2 Bxd4 17.Qxd4 Nge6 18.Qd2 Nxf4 19.Qxf4 Nd3 20.Qxh6 Nxe1 21.Rxe1 Qe5
22.Nd5 c6 23.Nf4 Rd8 24.Re3 Qg7 25.Qg5 Bd7 26.Rb3  1/2-1/2

[Event "Hessen-ch"]
[Site "Hofbieber"]
[Date "1996.??.??"]
[Round "1"]
[White "Gustavsson, Cyrill"]
[Black "Zude, Erik"]
[Result "0-1"]
[WhiteElo "2210"]
[BlackElo "2325"]

1.d4 Nf6 2.c4 g6 3.Nc3 Bg7 4.e4 d6 5.Nf3 O-O 6.Be2 Na6 7.O-O e5 8.Qc2 Bg4
9.dxe5 dxe5 10.Be3 Nb4 11.Qb3 Nc6 12.Qxb7 Nd4 13.Bxd4 exd4 14.Nb5 c5 15.e5 Nd7
16.h3 Be6 17.Rfe1 Nxe5 18.Nxe5 Bxe5 19.Bf3 Qf6 20.b3 Rad8 21.Qe4 Bb8 22.Qd3 Rfe8
23.Re2 a6 24.Na3 Bf5 25.Be4 Qd6 26.g3 Bxh3 27.Bd5 Bg4 28.Ree1 Re7 29.Nc2 Rde8
30.Rxe7 Rxe7 31.Re1 Bc7 32.b4 Bf5 33.Be4 Rxe4 34.Rxe4 Qc6 35.f3 Bxg3 36.bxc5 Be5
37.Kf1 Qxc5 38.Ne1 Be6 39.Qc2 Bxc4+ 40.Kg2 Bf6 41.Nd3 Qd5 42.Nb2 Bb5 43.Qb3 Qg5+  0-1

[Event "Hessen-ch"]
[Site "Hofbieber"]
[Date "1996.??.??"]
[Round "5"]
[White "Gustavsson, Cyrill"]
[Black "Roosen, Holger"]
[Result "1-0"]
[WhiteElo "2210"]
[BlackElo "2125"]

1.d4 Nf6 2.c4 g6 3.Nc3 Bg7 4.e4 O-O 5.Nf3 d6 6.Be2 e5 7.dxe5 dxe5 8.Qxd8 Rxd8
9.Bg5 c6 10.Nxe5 Re8 11.O-O-O h6 12.Bf4 Na6 13.h3 Nc5 14.Bf3 Nfxe4 15.Nxe4 Nxe4
16.Bxe4 Bxe5 17.Bxe5 Rxe5 18.Rd8+ Kg7 19.Bf3 Re6 20.Kd2 Re7 21.Kc3 a5 22.Rhd1 Rc7
23.c5 a4 24.Be2 Ra7 25.Bc4 Kf6 26.R1d6+ Ke7 27.Rh8 b6 28.cxb6 Kxd6 29.bxa7  1-0

[Event "Hessen-ch"]
[Site "Hofbieber"]
[Date "1996.??.??"]
[Round "7"]
[White "Kersten, Uwe"]
[Black "Heck, Norbert"]
[Result "1/2-1/2"]
[WhiteElo "2285"]
[BlackElo "2290"]

1.d4 g6 2.c4 Bg7 3.Nc3 d6 4.e4 Nf6 5.Nf3 O-O 6.Be2 e5 7.O-O exd4 8.Nxd4 Re8
9.f3 Nc6 10.Nxc6 bxc6  1/2-1/2

[Event "Hessen-ch"]
[Site "Hofbieber"]
[Date "1996.??.??"]
[Round "9"]
[White "Kersten, Uwe"]
[Black "Roosen, Holger"]
[Result "1-0"]
[WhiteElo "2285"]
[BlackElo "2125"]

1.d4 Nf6 2.c4 g6 3.Nc3 Bg7 4.e4 O-O 5.Nf3 d6 6.Be2 e5 7.O-O exd4 8.Nxd4 Re8
9.f3 Nc6 10.Be3 Nh5 11.Nd5 f5 12.Nb5 Rb8 13.Ndxc7  1-0

[Event "NLD-chT9697"]
[Site "Holland"]
[Date "1996.??.??"]
[Round "?"]
[White "Obers, Frits"]
[Black "De Wit, Dick"]
[Result "1/2-1/2"]
[WhiteElo "2145"]
[BlackElo "2305"]

1.d4 Nf6 2.Nf3 g6 3.c4 Bg7 4.Nc3 O-O 5.e4 d6 6.Be2 Nbd7 7.O-O e5 8.Be3 Ng4
9.Bg5 f6 10.Bh4 h5 11.h3 Nh6 12.dxe5 dxe5 13.b4 c6 14.a3 Qe7 15.Nd2 g5 16.Bg3 h4
17.Bh2 Rd8 18.Qc2 Nf8 19.Rfe1 Ne6 20.Nb3 Bd7 21.c5 Be8 22.Na4 Bg6 23.Bc4 Kh7
24.f3 Nd4 25.Nxd4 Rxd4 26.Rad1 Rad8 27.Rxd4 Rxd4 28.Rd1 Qd7 29.Nb2 Bf7 30.Bxf7 Nxf7
31.Kf1 Rxd1+ 32.Qxd1 Qe6 33.Qd3 Qa2 34.Nc4 Qa1+ 35.Kf2 Qa2+ 36.Kf1 Qa1+ 37.Kf2 Qa2+  1/2-1/2

[Event "NLD-chT9697"]
[Site "Holland"]
[Date "1996.??.??"]
[Round "?"]
[White "Grooten, Herman"]
[Black "Van de Mortel, Jan"]
[Result "1-0"]
[WhiteElo "2370"]
[BlackElo "2315"]

1.d4 Nf6 2.c4 g6 3.Nc3 Bg7 4.e4 d6 5.Nf3 O-O 6.Be2 e5 7.Be3 exd4 8.Nxd4 Re8
9.f3 Nc6 10.Qd2 Nh5 11.Nxc6 bxc6 12.O-O Qh4 13.Rf2 Qe7 14.Re1 f5 15.c5 f4
16.Bd4 Be5 17.Bc4+ Kf8 18.Na4 Ng7 19.cxd6 cxd6 20.Rd1 Be6 21.Qc1 Red8 22.Rfd2 Bd7
23.Bxe5 dxe5 24.Qc3 c5 25.Qa5 Bxa4 26.Rxd8+ Rxd8 27.Qxd8+ Ne8 28.Qxe7+ Kxe7
29.Rd5 Nc7 30.Rxc5 Kd6 31.Ra5  1-0

[Event "NLD-chT9697"]
[Site "Holland"]
[Date "1996.??.??"]
[Round "?"]
[White "Konings, Leon"]
[Black "Van Wely, Loek"]
[Result "1/2-1/2"]
[WhiteElo "2230"]
[BlackElo "2570"]

1.d4 Nf6 2.c4 g6 3.Nc3 Bg7 4.e4 d6 5.Be2 O-O 6.Be3 e5 7.Nf3 Ng4 8.Bg5 f6
9.Bh4 Nc6 10.d5 Ne7 11.Nd2 h5 12.a4 a5 13.Ra3 Nh6 14.f3 c5 15.Nb5 Nf7 16.Nf1 Qd7
17.Rd3 f5 18.Kd2 g5 19.Be1 Nh6 20.Kc2 Ng6 21.g3 g4 22.Kb3 Qe7 23.Ka3 Nh8
24.Rb3 N8f7 25.Bd2 gxf3 26.Bxf3 fxe4 27.Bxe4 Ng4 28.Qe1 Nfh6 29.Rg1 Nf2 30.Bb1 Nhg4
31.Rg2 Qf6 32.Ne3 Bh6 33.Nxg4 Nxg4 34.Qe4 Rf7 35.Qg6+ Qxg6 36.Bxg6 Rf1 37.Ka2 Bxd2
38.Rxd2 Bd7 39.Bxh5 Nf6 40.Bg6 Bxb5 41.Rxb5 Ng4 42.Rxb7 Raf8 43.Re2 Rc1 44.Bh7+ Kh8
45.Re4 Nh6 46.Rh4 Rf7 47.Rxf7 Nxf7 48.Bd3+ Kg7 49.Rg4+ Kf8 50.Kb3 Rg1 51.h4 e4
52.Bxe4 Ne5 53.Rg5 Nf7 54.Rg6 Ne5 55.Rxd6 Rxg3+ 56.Ka2 Rg4 57.Bf5 Rf4 58.Bc2 Rxh4
59.b3 Rh2 60.Kb1 Rh1+ 61.Kb2 Rh2 62.Rf6+ Kg7 63.Rf1 Nd3+ 64.Kc3 Nb4 65.Bb1 Rh3+
66.Kb2 Rh2+ 67.Kc1 Rh6 68.Bc2 Rf6 69.Rg1+ Kf7 70.Rg2 Ke7 71.Re2+ Kd6 72.Kd2 Rh6
73.Bf5 Rf6 74.Re6+ Rxe6 75.dxe6 Nc6 76.Ke3 Nd4 77.Ke4 Nxe6  1/2-1/2